Online Catalogue and eLibrary

Building structures and skills for fundraising (Record no. 2753)

MARC details
000 -LEADER
fixed length control field 00810nam a2200157Ia 4500
005 - DATE AND TIME OF LATEST TRANSACTION
control field 20240530031926.0
008 - FIXED-LENGTH DATA ELEMENTS--GENERAL INFORMATION
fixed length control field 240331s9999 xx 000 0 und d
020 ## - INTERNATIONAL STANDARD BOOK NUMBER
ISBN 9068321331
082 ## - DDC Classification
Item Number - Author Mark WIL
Class No. 332
100 ## - MAIN ENTRY--PERSONAL NAME
Personal name Wilson, Westman Elizabeth
245 #0 - TITLE STATEMENT
Title Building structures and skills for fundraising
260 ## - PUBLICATION, DISTRIBUTION, ETC.
Place of publication, distribution, etc. The Netherlands
Name of publisher, distributor, etc. KIT Publishers
Date of publication, distribution, etc. 2001
300 ## - PHYSICAL DESCRIPTION
Extent (e.g. Volumes, Pages etc.) 202 p ., ( V 2)
500 ## - GENERAL NOTE
General note Part one paves the way for fundraising campaigns, including the role of the leader, the board, volunteers, overcoming fear of fundraising, and building strategic alliances. part two outlines the practical essentials of effective communications programs: how to make the spoken word, printed materials, media coverage, audiovisual materials, public relations events, and the internet work for you.
942 ## - Koha item type (Biblio)
Koha item type Books in Stacks (Lending)
Holdings
Lost status Damaged status Collection code Home library Current library Shelving location Date acquired Full call number Accession Number Item type
    Lending WERC Library WERC Library Social Science Cupboard 03/31/2024 332 WIL 1945 Books in Stacks (Lending)

© WERC Library